Distribution of potassium forms in soils under repeated rubber cultivation and virgin forest (Record no. 57301)

MARC details
000 -LEADER
fixed length control field 00661nam a2200217Ia 4500
100 ## - MAIN ENTRY--AUTHOR NAME
Personal name Ulaganathan A
245 #0 - TITLE STATEMENT
Title Distribution of potassium forms in soils under repeated rubber cultivation and virgin forest
260 ## - PUBLICATION, DISTRIBUTION, ETC. (IMPRINT)
Name of publisher PLACROSYM XX, 12-15 December 2012, UPASI Tea Research Foundation, Coimbatore, India, Abstracts, pp. 67-68.
650 ## - SUBJECT ADDED ENTRY--TOPICAL TERM
Topical Term Exchangeable K
650 ## - SUBJECT ADDED ENTRY--TOPICAL TERM
Topical Term K reserve
650 ## - SUBJECT ADDED ENTRY--TOPICAL TERM
Topical Term Mineral K
650 ## - SUBJECT ADDED ENTRY--TOPICAL TERM
Topical Term Organic carbon
650 ## - SUBJECT ADDED ENTRY--TOPICAL TERM
Topical Term Water soluble K
700 ## - ADDED ENTRY--PERSONAL NAME
Personal name Ambily K.K
700 ## - ADDED ENTRY--PERSONAL NAME
Personal name Gilkes R.J
700 ## - ADDED ENTRY--PERSONAL NAME
Personal name Jessy M.D
700 ## - ADDED ENTRY--PERSONAL NAME
Personal name Nair N.U
856 ## - ELECTRONIC LOCATION AND ACCESS
Uniform Resource Identifier Copy
942 ## - ADDED ENTRY ELEMENTS (KOHA)
Koha item type Journals
Holdings
Withdrawn status Lost status Damaged status Not for loan Home library Current library Shelving location Date acquired Koha item type
      Journals RRII Library RRII Library Agronomy 17/12/2021 Journals